|
|
|
|
| LEADER |
00000naa a2200000uu 4500 |
| 001 |
vtls010955966 |
| 003 |
SK-MaSNL |
| 005 |
20260302145515.0 |
| 008 |
210909|1998 xo |||||||||||||||||eng| |
| 015 |
|
|
|a SNBRA
|
| 035 |
|
|
|a (urnnbn)urn:nbn:sk:snk:ar-a0bnm5
|
| 035 |
|
|
|a (uuid)4b50bb09-7794-4b3d-8daf-d35c1cc2b4d4
|
| 035 |
|
|
|a urn:nbn:sk:snk-aaufk2
|
| 040 |
|
|
|a SNKBUCL
|b slo
|c SNKBUCL
|e AACR2
|
| 041 |
0 |
|
|a eng
|
| 044 |
|
|
|a xo
|c SK
|
| 100 |
1 |
|
|a Vozárová, Anna,
|d 1943-
|4 aut
|9 5212
|
| 245 |
1 |
0 |
|a 2. Basic paleogeographic and paleotectonic units of the Western Carpathians
|c Anna Vozárová, Michal Potfaj, Miloš Rakús
|
| 700 |
1 |
|
|a Potfaj, Michal
|4 aut
|9 7471
|
| 700 |
1 |
|
|a Rakús, Miloslav,
|d 1934-2005
|4 aut
|9 263377
|
| 773 |
0 |
|
|t Geodynamic development of the Western Carpathians
|d Bratislava : Geological Survey of Slovak Republic, 1998
|g S. 15-26
|z 8085314940
|
| 958 |
|
|
|a OND
|
| 958 |
|
|
|a article11
|
| 958 |
|
|
|a chapter
|
| 999 |
|
|
|c 1354321
|d 1356251
|